000 004990000a22001810004500
003 MACL
005 20160305151840.0
008 160305b xxu||||| |||| 00| 0 eng d
040 _aMACL
_cMACL
041 _aHindi
082 _a891.432
100 _aमुद्राराक्ष्‍स
_936760
245 _aगुफाए
260 _bलिपि प्रकाशन
_c1983
_aनई दिल्‍ली
350 _a20
650 _aDrama
_943152
942 _cHIN
_k891.432
_2ddc
999 _c27802
_d27802